Психология творчества, креативности, одаренности

Detaylı Bibliyografya
Yazar: Ильин Е. П. Евгений Павлович
Özet:Каковы особенности мотивации и пути управления творчеством? Существует ли связь между творчеством и продолжительностью жизни? Что такое способности и склонности? Каковы виды и методы оценки одаренности? В чем возрастные и тендерные особенности креативности? Как сделать личность креативной? Ответы на многие интересующие вас вопросы вы найдете в новом пособии профессора Е. П. Ильина. Глубочайшая проработка темы, удачный симбиоз теории и практики, большое количество полезных методик делают эту книгу необходимой для психологов, педагогов, руководителей всех уровней, а также студентов профильных вузовских факультетов.
Dil:Rusça
Baskı/Yayın Bilgisi: СПб., Питер, 2011
Seri Bilgileri:Мастера психологии
Konular:
Materyal Türü: MixedMaterials Kitap
KOHA link:https://koha.lib.tpu.ru/cgi-bin/koha/opac-detail.pl?biblionumber=190678

MARC

LEADER 00000nam0a2200000 4500
001 190678
005 20231101224311.0
010 |a 9785498072395 
035 |a (RuTPU)RU\TPU\book\207856 
090 |a 190678 
100 |a 20110127d2011 km y0rusy50 ca 
101 0 |a rus 
102 |a RU 
105 |a a z 001zy 
200 1 |a Психология творчества, креативности, одаренности  |f Е. П. Ильин 
210 |a СПб.  |c Питер  |d 2011 
215 |a 448 с.  |c ил. 
225 1 |a Мастера психологии 
320 |a Библиогр.: с. 409-444. 
320 |a Словарь научных терминов: с. 330-334. 
330 |a Каковы особенности мотивации и пути управления творчеством? Существует ли связь между творчеством и продолжительностью жизни? Что такое способности и склонности? Каковы виды и методы оценки одаренности? В чем возрастные и тендерные особенности креативности? Как сделать личность креативной? Ответы на многие интересующие вас вопросы вы найдете в новом пособии профессора Е. П. Ильина. Глубочайшая проработка темы, удачный симбиоз теории и практики, большое количество полезных методик делают эту книгу необходимой для психологов, педагогов, руководителей всех уровней, а также студентов профильных вузовских факультетов. 
606 1 |a Творчество  |x Психология  |2 stltpush  |3 (RuTPU)RU\TPU\subj\58736  |9 76488 
610 1 |a креатив 
610 1 |a креативная деятельность 
610 1 |a креативность 
610 1 |a одаренность 
610 1 |a творческая деятельность 
610 1 |a творческий процесс 
610 1 |a бессознательное 
610 1 |a интуиция 
610 1 |a вооружение 
610 1 |a фантазия 
610 1 |a эмоции 
610 1 |a творческие способности 
610 1 |a творческий потенциал 
610 1 |a творческие личности 
610 1 |a способности 
610 1 |a термины 
610 1 |a методики 
686 |a Ю945  |v LBC/SL-A  |2 rubbk 
700 1 |a Ильин  |b Е. П.  |g Евгений Павлович 
801 1 |a RU  |b 63413507  |c 20110127 
801 2 |a RU  |b 63413507  |c 20120420  |g RCR 
900 |a Психология 
942 |c BK 
959 |a 14/20110127  |d 1  |e 279,00  |f ЧЗГЛ:1